000 00297nam a22001217a 4500
041 _aENG
100 _aPatel.S.A
245 _aStructural Mechanics With Introductions To Elasticity And Plasticty
260 _aNew York
_bMcGraw-Hill
_c1970
300 _a648
650 _aFS (29)
856 _uFS (29)
999 _c3036
_d3036